| 000 | 00699nam a2200193 u 4500 | ||
|---|---|---|---|
| 005 | 20231118063626.0 | ||
| 008 | 190220s1997 r 000 0 eng d | ||
| 035 | _aUPN01000229185 | ||
| 049 | _aLTG | ||
| 050 | 4 |
_aLB2002 A1 _bP5.4 1997a |
|
| 245 | 0 | 0 |
_aPlan de estudios : _blicenciatura en educación primaria : versión final para consulta. |
| 260 |
_aMéxico : _bSEP, _c1997. |
||
| 300 | _a85 p. | ||
| 440 | 0 | _aPrograma para la Transformación y el Fortalecimiento Académicos de las Escuelas Normales | |
| 650 | 4 |
_aEducación normal _zMéxico _vPlanes y programas _912330 |
|
| 710 | 1 |
_aMéxico. _bSubsecretaría de Educación Básica y Normal _927954 |
|
| 905 | _aLibro | ||
| 999 |
_c201280 _d201280 |
||